000 00507nam a22001575i 4500
001 160145
003 ES-MaACL
005 20230906211941.0
008 990519s1889 sp |||| | spa d
040 _aCAM
_bspa
_cCAM
100 1 _aMorata, Juan.
_9130146
245 1 3 _aLa alhondiga de Madrid /
_cpor Juan Morata.
260 _aMadrid :
_b[s.n.],
_c1889 (
_fImprenta y fundición de Manuel Tello)
300 _a15 p. ;
_c24 cm.
852 _aES-MaACL
_jT-538-F-7
_z-- Enc. hol.
_z-- Enc. en un vol. facticio
999 _c160145
_d160145